Statistics for Batman Villians Real Names

Click here to take the quiz!

General Stats

  • This quiz has been taken 917 times
    (913 since last reset)
  • The average score is 6 of 15

Answer Stats

VillainReal Name% Correct
CatwomanSelina Kyle
80%
Two-FaceHarvey Dent
75%
RiddlerEdward Nigma
56%
Black MaskRoman Sionis
48%
ScarecrowJonathan Crane
45%
BaneUnknown
45%
JokerUnknown
45%
Ra's Al GualUnknown
45%
Killer CocWaylon Jones
42%
HushThomas Elliot
41%
ClayfaceBasil Karlo
37%
Harley QuinnDr. Harleen Quinzel
21%
Mr. FreezeDr. Victor Fries
18%
PenguinOswald Chesterfield Cobblepot
17%
Poison IvyPamela Lillian Isley
12%

Score Distribution

Percentile by Number Answered

Percent of People with Each Score

Your Score History

You have not taken this quiz since the last reset